TV Shows Missing 'B' Words Quiz Stats

 Plays Quiz Updated Jul 21, 2018

Score 0/18 Timer 03:00
2 Plays Today
Hint Answer % Correct
Batman
98.3%
Breaking
97.3%
Brady
96.8%
Broke
93.4%
Bean
93.3%
Beavis
91.8%
Burgers
91.3%
Brothers
89.5%
Beverly
88.5%
Hint Answer % Correct
Brooklyn
88.4%
Blood
86.3%
Better
85.2%
Blue
85.2%
Boss
82.5%
Beaver
81.3%
Boston
74.8%
Babylon
50%
Beach
45.5%

You're not logged in!

Compare scores with friends on all Sporcle quizzes.
OR
Log In

Sporcle TV

Today on Sporcle TV


Watch our educational content, quiz creation guides, and fun videos on Sporcle TV.

Show Comments

Extras

Top Quizzes Today


Score Distribution

Your Account Isn't Verified!

In order to create a playlist on Sporcle, you need to verify the email address you used during registration. Go to your Sporcle Settings to finish the process.

Report this User

Report this user for behavior that violates our Community Guidelines.

Details: